6-Letter Word Chain Game #6 - Statistics

General Stats
  • This quiz has been taken 107 times
  • The average score is 8 of 24
Answer Stats
Hint Answer % Correct
Sister's son Nephew
91%
Cold season Winter
91%
i.e. not awake Asleep
87%
Google's Internet browser Chrome
81%
Famous desert Sahara
62%
British Christmas drink Eggnog
59%
Flashing light Strobe
38%
Shape with infinite sides Circle
37%
Elizabeth II's regent Philip
37%
10 to the 100 Googol
36%
Italian sandwich(es) Panini
29%
Denmark's second city Aarhus
17%
Head of the nuns Abbess
17%
______-Romagna, Italian region Emilia
17%
Bacon cube Lardon
14%
Anglish word for "question" Asking
12%
e.g. Irish, Scottish, Manx Gaelic
12%
Former North America French colony Acadia
9%
Elements from Ytterby, Sweden Erbium
9%
Unstressed-stressed foot Iambic
7%
Disease-causing vapour Miasma
7%
Able to resist change Robust
6%
Donald Trump's made-up country Nambia
5%
______'s column, Rome Trajan
5%
No matching quizzes found
Score Distribution
Percent of People with Each Score
Percentile by Number Answered
Your Score History
You have not taken this quiz